Normal view
MARC view
- Cosmology
Entry Topical Term
001 - CONTROL NUMBER
- control field: 87381
003 - CONTROL NUMBER IDENTIFIER
- control field: NUST
005 - DATE AND TIME OF LATEST TRANSACTION
- control field: 20220106104658.0
008 - FIXED-LENGTH DATA ELEMENTS
- fixed length control field: 220106|| aca||aabn | a|a d
040 ## - CATALOGING SOURCE
- Original cataloging agency: NUST
- Transcribing agency: NUST
150 ## - HEADING--TOPICAL TERM
- Topical term or geographic name entry element: Cosmology
670 ## - SOURCE DATA FOUND
- Source citation: Work cat.: (NUST)0: Hawking, Stephen, 1942-2018. 87380, A brief history of time, p1988.
